| 000 | 00471nam a2200181Ia 4500 | ||
|---|---|---|---|
| 001 | 1863 | ||
| 005 | 20260306143800.0 | ||
| 008 | 260306t2013||||xx |||||||||||||| ||spa|| | ||
| 041 | _aESP | ||
| 082 |
_a155.935 _bF41 |
||
| 100 |
_aFernández Millán, Juan M. _eAUT |
||
| 245 | 0 | _aGestión e intervención psicológica en emergencias y catástrofes | |
| 260 | _c2013 | ||
| 300 |
_a164 páginas : _c23 cm. |
||
| 650 | _aGEN | ||
| 654 | _aCPS | ||
| 942 |
_cLIB _dJUS _fJUS _2ddc _n |
||
| 999 |
_c1863 _d1863 |
||